ČSN 26 9540 Regály hrebenové

Bibliographic Details
Format: Book
Language:Undetermined
PhysicalDescription:4 s.
Published: Praha ÚNM 1971

MARC

LEADER 00000nam a2200000 a 4500
001 vtls001319834
003 SK-MaSNL
005 20260223125212.0
008 210928s1971 xx 0 und
035 |a SNK000272453 
040 |a SNK  |b slo  |c SNK  |e AACR2 
245 1 |a ČSN 26 9540 Regály hrebenové 
260 |a Praha  |b ÚNM  |c 1971 
300 |a 4 s. 
958 |a OND 
999 |c 545006  |d 546936 
952 |t P60, <04>, [BOOK], {604}  |a SNK  |b SNK  |y VYP  |7 0  |p 17A0121850  |o snkČSN 26 9540  |0 0  |1 0  |4 0  |d 1998-02-06  |l 0  |r 2005-01-02 00:00:00  |w 2026-02-23